000 00435nam a2200181Ia 4500
001 3271
005 20260306144908.0
008 260306t1964||||xx |||||||||||||| ||spa||
041 _aESP
082 _a262.91
_bP11E2
100 _aPablo VI, Papa
_eAUT
245 0 _aEcclesiam suam:
_bencíclica de S.S. Paulo VI
260 _c1964
300 _a77 páginas :
_c17 cm.
650 _aGEN
654 _aCHU
942 _cLIB
_dJUS
_fJUS
_2ddc
_n
999 _c3271
_d3271